| 000 | 00929nas a2200313 4500 | ||
|---|---|---|---|
| 001 | BR2012009052 | ||
| 003 | BR-BrBNA | ||
| 005 | 20231205121602.0 | ||
| 007 | ta | ||
| 008 | 230509b bl.|||p| |||| 00| 00por d | ||
| 040 |
_aBR-BrBNA _bpor _cBiblioteca Nacional de Agricultura |
||
| 041 | _a(En) | ||
| 072 | _aL74 | ||
| 100 | 1 | _aCruz, C.E.F. | |
| 100 | 1 | _aKaram, F.C. | |
| 100 | 1 | _aDalto, A.C. | |
| 100 | 1 | _aPavarini, S.P. | |
| 100 | 1 | _aBandarra, P.M. | |
| 100 | 1 | _aDriemeier, D. | |
| 245 | 1 | _aFireweed (Senecio madagascariensis)poisoning in cattle | |
| 246 | 1 | _aFireweed (Senecio madagascariensis)poisoning in cattle | |
| 650 | _aBOVINO | ||
| 650 | _aINTOXICAÇÃO | ||
| 650 | _aPLANTA TÓXICA | ||
| 650 | _aCOMPOSITAE | ||
| 773 | 0 |
_tPesquisa Veterinária Brasileira (Brazil) _xISSN 0100-736X _g(Jan 2010), v. 30(1) p. 10-12 _wBR2012009052 |
|
| 909 |
_a202311 _bLúcia _c55 _dLúcia Elande |
||
| 942 |
_2AGRIS _n0 _cANA |
||
| 999 |
_c224246 _d224246 |
||